Loading...
Victorian dramatic criticism /
| Main Author: | |
|---|---|
| Format: | Printed Book |
| Language: | English |
| Published: |
Methuen & Co.,
1971.
|
| Subjects: |
| LEADER | 00438nam a2200133Ia 4500 | ||
|---|---|---|---|
| 008 | 150624b xxu||||| |||| 00| d eng d | ||
| 082 | |a 822.809 | ||
| 100 | |a Rowell George | ||
| 245 | |a Victorian dramatic criticism / |c Rowell George | ||
| 260 | |b Methuen & Co., |c 1971. | ||
| 650 | |v Drama | ||
| 942 | |c BK | ||
| 999 | |c 2600 |d 2600 | ||
| 952 | |0 0 |1 0 |4 0 |6 822_809000000000000_ROW_V |7 0 |9 2599 |a UL |b UL |c ST2 |d 1998-09-24 |l 0 |o 822.809 ROW/V |p 5118 |r 2014-08-05 |w 2012-10-27 |y BK | ||